000 00272nam a22001337a 4500
008 180302b xxu||||| |||| 00| 0 eng d
020 _a2900176503771
041 _aeng
080 _a521
100 _a42
101 _aAST
245 _aAstro
_cBackman
942 _2udc
_cBK
999 _c43977
_d43977